Quiz musculation - Statistiques

Statistiques générales
  • Ce quiz a été pris 449 fois
  • Le résultat moyen est 5 sur 15
Statistiques - réponses
Question Réponse % Correct
20 kg + 20 kg = ? 60 kg
71%
Quel complément est le plus conseillé pour améliorer la force ? Créatine
68%
Quel type de soulevé de terre permet une position de pieds plus écartée ? Sumo
67%
Que prend généralement un go muscu avant une séance ? Pré-workout
63%
Site la marque de la salle de sport la plus connue en France et en Belgique. Basic-Fit
61%
Que signifie le sigle SBD ? Squat, Bench, Deadlift
61%
Comment s’appelle la position du dos courbé au bench ? Pontage
29%
Quelle est la méthode où on réduit le poids pour continuer après l’échec ? Drop set
19%
Combien faut-il faire de répétitions en général pour l’hypertrophie ? 8-12
16%
Quelle est la tenue obligatoire lors des compétitions de SBD ? Singlet
13%
Quel est le terme anglais utilisé pour décrire un effort intense pour soulever une charge très lourde ? Grind
5%
Quelle discipline sportive regroupe squat, bench et deadlift en compétition ? Powerlifting, force athlétique
1%
Que veut dire “whey” ? Protéine de lactosérum
1%
Quel est le nom de l'effort maximal réalisable pour une seule répétition ? 1RM, one rep max
0%
Que veut dire “no lift” ? Mouvement non validé
0%
Aucun quiz correspondant
Distribution des résultats
% des personnes avec chaque résultat
Percentile par nombre de réponses
Votre historique - résultats
Vous n’avez pas pris ce quiz